000 00345nam a2200145 i 4500
001 bg
245 0 _aEncyklopedia seniora /
_c[kom. red. Irena Borsowa].
260 _aWarszawa,
_c1986.
700 1 _aBorsowa, Irena.
_eRed.
040 _cBPK
041 _apol
080 _a03-053.9
942 _cKS
008 s pl f |000 0 pol
999 _c23207
_d23207
856 _uhttp://koha.tu.koszalin.pl/cgi-bin/koha/opac-detail.pl?biblionumber=23207
_yKatalog online BPK